5HLuxD.jpg

KING HENRY VIII SENIOR AND PRIMARY SCHOOL LIBRARY OPAC

What in the world is green transportation? / (Record no. 1401)

000 -LEADER
fixed length control field 00892cam a22002534a 4500
001 - CONTROL NUMBER
control field 16084247
003 - CONTROL NUMBER IDENTIFIER
control field OSt
005 - DATE AND TIME OF LATEST TRANSACTION
control field 20221229105736.0
008 - FIXED-LENGTH DATA ELEMENTS--GENERAL INFORMATION
fixed length control field 100204s2011 mnua j 000 0 eng
010 ## - LIBRARY OF CONGRESS CONTROL NUMBER
LC control number 2010004310
020 ## - INTERNATIONAL STANDARD BOOK NUMBER
International Standard Book Number 9781616131937
040 ## - CATALOGING SOURCE
Original cataloging agency DLC
Transcribing agency DLC
Modifying agency DLC
-- KH8
082 00 - DEWEY DECIMAL CLASSIFICATION NUMBER
Classification number 388.049 GAA
Edition number 22
100 1# - MAIN ENTRY--PERSONAL NAME
Personal name Gaarder-Juntti, Oona,
Dates associated with a name 1979-
Relator term author
245 10 - TITLE STATEMENT
Title What in the world is green transportation? /
Statement of responsibility, etc. Oona Gaarder-Juntti ; consulting editor, Diane Craig.
260 ## - PUBLICATION, DISTRIBUTION, ETC.
Place of publication, distribution, etc. Edina, Minn. :
Name of publisher, distributor, etc. ABDO Pub. Company,
Date of publication, distribution, etc. c2011.
300 ## - PHYSICAL DESCRIPTION
Extent 24 p. :
Other physical details col. ill. ;
Dimensions 20 x 25 cm.
490 0# - SERIES STATEMENT
Series statement Going green
500 ## - GENERAL NOTE
General note "Super Sandcastle."
650 #0 - SUBJECT ADDED ENTRY--TOPICAL TERM
Topical term or geographic name entry element Transportation
General subdivision Environmental aspects
Form subdivision Juvenile literature.
906 ## - LOCAL DATA ELEMENT F, LDF (RLIN)
a 7
b cbc
c orignew
d 1
e ecip
f 20
g y-gencatlg
942 ## - ADDED ENTRY ELEMENTS (KOHA)
Source of classification or shelving scheme
Koha item type Books - Non Ficton
Holdings
Withdrawn status Lost status Source of classification or shelving scheme Damaged status Not for loan Collection code Permanent Location Current Location Shelving location Date acquired Total Checkouts Full call number Barcode Date last seen Date last checked out Price effective from Koha item type
          Non-Fiction KH8 Primary School Library KH8 Primary School Library Non Fiction 2022-12-29 5 388.049 GAA KHPL000003178 2025-12-05 2024-11-28 2022-12-29 Books - Non Ficton

Powered By KH8 IT Dept